000 00699nam a2200289Ia 4500
005 20260324124635.0
008 008 260324s9999 xx 000 0 eng d
020 _a9780367818685
037 _aEBOOK
040 _aCRL
040 _beng
040 _cCRL
041 _2eng
041 _aeng
084 _qCRL
100 _aTridip Suhrud
_91174945
245 3 _aAn Autobiography or The Story of My Experiments with Truth
245 2 _bA Table of Concordance
260 _bTaylor and Francis
260 _c2010
365 _a
365 _b300
856 _uhttp://www.taylorfrancis.com/books/9780367818685
942 _cEBOOK
999 _c1769484
_d1769484